00298nam a2200121Ia 4500008004100000041000800041082001700049100001900066245001600085260003700101300003100138365000700169240624s9999 xx 000 0 und d aeng a332.6457 SOM aSOMANATHAN T V aDERIVATIVES c2012aNew DelhibTata McGrawhill axix, : 347 : p. : cm. ; 24 cRS